| 000 | 01112nam a2200301 i 4500 | ||
|---|---|---|---|
| 003 | EG-GICUC | ||
| 005 | 20260413120948.0 | ||
| 008 | 260413s1950 be |||fr|||| 00| 0 fre d | ||
| 040 |
_aEG-GiCUC _bfre _cEG-GiCUC _dEG-GiCUC _eRda |
||
| 082 | 0 | 4 |
_221 _a343.3 _bBR . P |
| 092 | 0 | 4 | _221 |
| 099 | _aLaw1 10 343.3 BR . P 1950 | ||
| 100 | 1 |
_aBraas, Le Chevalier _eAuteur |
|
| 245 | 1 | 0 |
_aPrécis De Procédure Pénale. _nTome I, _nLivre Premier, _pLivre Premier Du Code D'instruction Criminelle Et Lois Qui S'y Rattachent / _cPar Le Chevalier Braas. |
| 250 |
_aTroisième Édition _bRevue Et Complétée |
||
| 264 | 1 |
_aBruxelles : _bÉtablissements Émile Bruylant, _c1950. |
|
| 264 | 3 |
_aLiège : _bImprimerie H. Vaillant-carmanne, |
|
| 300 |
_a496 page ; _c 24 cm. |
||
| 336 |
_2rda contenu _a texte |
||
| 337 |
_2rda medias _aOrdinateur |
||
| 338 |
_2 transporteur rda _a Ressource en ligne |
||
| 650 | 1 |
_aDroit De Procédure Pénale _2qrmak |
|
| 650 | 1 |
_aDroit De Pénal _2qrmak |
|
| 651 | 1 | _2qrmak | |
| 856 | 4 | 0 | _uhttps://fll.law.cu.edu.eg/fulltext/bks/B10-08937.pdf |
| 905 | _a54 | ||
| 942 |
_2ddc _cBK _e21 _n0 |
||
| 999 |
_c70513 _d70513 |
||